000 00302nam a2200109Ia 4500
008 181022s9999 xx 000 0 und d
020 _a9781308812700
245 _aGeneral physics 1 /
260 _aNew York :
_bMcGraw Hill
_c2016
300 _axvii, 570 pages.
650 _aPhysics -- study and teaching.
999 _c359277
_d359277